000 00568nam a2200181 i 4500
001 43827
003 ES-MaACL
005 20230906160901.0
007 t|
008 030318s1861 it ||||1| lat d
080 _a262.132
100 1 _aPassaglia, Carlo (
_d1812-1887)
_9130881
245 1 0 _aPro causa Italica ad episcopos catholicos /
_cactor Presbytero Catholico [i.e. Carlo Passaglia].
260 _aFlorentiae :
_b[s.n.],
_c1861 (
_fTyp. Felicis Le Monnier)
300 _a85 p. ;
_c22 cm.
650 4 _aCuestión romana.
_9149871
852 4 _aES-MaACL
_jT-138-F-4
999 _c43827
_d43827